[Event "VL-2022/23"]
[Site "MVP"]
[Date "2023.04.23"]
[Round "8.7"]
[White "Dettmann, Holger"]
[Black "Krueger, Gerhard"]
[Result "0-1"]
[WhiteElo "2001"]
[BlackElo "1972"]
[PlyCount "88"]
[EventDate "2022.??.??"]
[EventType "team-tourn"]
[EventRounds "9"]
[EventCountry "GER"]
[WhiteTeam "Guestrow/Teterow"]
[BlackTeam "SF Schwerin II"]
[WhiteTeamCountry "GER"]
[BlackTeamCountry "GER"]

1. d4 d5 2. Nc3 Nf6 3. Bf4 c6 4. Qd2 Bf5 5. f3 e6 6. g4 Bg6 7. e3 Bd6 8. Nge2 Qc7 9. h4 h6 10. O-O-O Nbd7 11. Bxd6 Qxd6 12. Nf4 Bh7 13. g5 Ng8 14. e4 O-O-O 15. Bh3 hxg5 16. hxg5 Ne7 17. Qh2 Nb6 18. exd5 cxd5 19. Nd3 Qxh2 20. Rxh2 Bf5 21. Rdh1 Bxh3 22. Rxh3 Rxh3 23. Rxh3 Nf5 24. Ne2 Kd7 25. Nc5+ Kc6 26. c3 Nc8 27. Nf4 b6 28. Ncd3 Kd6 29. Ne5 Rf8 30. Kd2 Nce7 31. Rh7 f6 32. gxf6 gxf6 33. Nfg6 Rg8 34. Nxe7 Nxe7 35. Nf7+ Kd7 36. Nh6 Rg2+ 37. Ke3 Rh2 38. a4 Rxh6 39. Rxh6 Nf5+ 40. Kf4 Nxh6 41. b3 Nf7 42. Kg4 Ke7 43. f4 Nd6 44. Kf3 Ne4 0-1

[Event "VL-2022/23"]
[Site "MVP"]
[Date "2023.04.23"]
[Round "8.8"]
[White "Goertz, Frank"]
[Black "Kiel, Bernd"]
[Result "1/2-1/2"]
[WhiteElo "1778"]
[BlackElo "1993"]
[PlyCount "48"]
[EventDate "2022.??.??"]
[EventType "team-tourn"]
[EventRounds "9"]
[EventCountry "GER"]
[WhiteTeam "SF Schwerin II"]
[BlackTeam "Guestrow/Teterow"]
[WhiteTeamCountry "GER"]
[BlackTeamCountry "GER"]

1. e4 d5 2. exd5 Nf6 3. d4 Bg4 4. Be2 Bxe2 5. Qxe2 Qxd5 6. Nf3 Nc6 7. c3 e6 8. Bf4 Bd6 9. Bxd6 cxd6 10. O-O O-O 11. Nbd2 b5 12. Rfe1 Rfc8 13. Ne4 Nxe4 14. Qxe4 Qxe4 15. Rxe4 d5 16. Re3 Na5 17. Ne5 Nc4 18. Re2 Nxe5 19. Rxe5 Rc4 20. a3 Rac8 21. f4 g6 22. g4 a5 23. f5 gxf5 24. gxf5 exf5 1/2-1/2

[Event "VL-2022/23"]
[Site "MVP"]
[Date "2023.04.23"]
[Round "8.1"]
[White "Tovmasyan, Minas"]
[Black "Stutz, Reno"]
[Result "1/2-1/2"]
[WhiteElo "1788"]
[BlackElo "2039"]
[PlyCount "57"]
[EventDate "2022.??.??"]
[EventType "team-tourn"]
[EventRounds "9"]
[EventCountry "GER"]
[WhiteTeam "Makkabi Rostock"]
[BlackTeam "GW Wismar"]
[WhiteTeamCountry "GER"]
[BlackTeamCountry "GER"]

1. d4 d5 2. c4 e5 3. dxe5 d4 4. Nf3 Nc6 5. g3 Nge7 6. Bg2 Ng6 7. O-O Be7 8. b3 Ngxe5 9. Bb2 Nxf3+ 10. Bxf3 Bf6 11. Nd2 O-O 12. Ne4 Bh3 13. Re1 Be5 14. Nc5 Rb8 15. Qd2 Qf6 16. Rad1 Rfd8 17. Nd3 Rd7 18. Nc5 Rdd8 19. Nd3 Rd7 20. b4 a5 21. b5 Nb4 22. Nc5 Re7 23. Ba1 Qg6 24. Bxd4 Bxd4 25. Qxd4 Nc2 26. Qh4 Nxe1 27. Qxe7 Nxf3+ 28. exf3 h6 29. Qe4 1/2-1/2

[Event "VL-2022/23"]
[Site "MVP"]
[Date "2023.04.23"]
[Round "8.2"]
[White "Schinke, Andreas"]
[Black "Petrow, Jonas"]
[Result "1/2-1/2"]
[WhiteElo "2053"]
[BlackElo "1811"]
[PlyCount "49"]
[EventDate "2022.??.??"]
[EventType "team-tourn"]
[EventRounds "9"]
[EventCountry "GER"]
[WhiteTeam "GW Wismar"]
[BlackTeam "Makkabi Rostock"]
[WhiteTeamCountry "GER"]
[BlackTeamCountry "GER"]

1. e4 c5 2. Nf3 d6 3. d4 cxd4 4. Nxd4 Nf6 5. Nc3 a6 6. Bc4 e6 7. a4 Be7 8. O-O O-O 9. Qe2 Qc7 10. Rd1 b6 11. f3 Nc6 12. Nxc6 Qxc6 13. Be3 Bb7 14. Bb3 Rac8 15. Rd2 Nd7 16. Na2 Nc5 17. Nc1 Rfd8 18. c3 Nxb3 19. Nxb3 d5 20. e5 Qc4 21. Nd4 Qxe2 22. Rxe2 Bc5 23. Nb3 Bxe3+ 24. Rxe3 a5 25. Kf2 1/2-1/2

[Event "VL-2022/23"]
[Site "MVP"]
[Date "2023.04.23"]
[Round "8.6"]
[White "Roeder, Phillip"]
[Black "Roeste, Stein"]
[Result "1-0"]
[WhiteElo "2011"]
[BlackElo "1731"]
[PlyCount "53"]
[EventDate "2022.??.??"]
[EventType "team-tourn"]
[EventRounds "9"]
[EventCountry "GER"]
[WhiteTeam "GW Wismar"]
[BlackTeam "Makkabi Rostock"]
[WhiteTeamCountry "GER"]
[BlackTeamCountry "GER"]

1. Nc3 Nf6 2. e4 e5 3. f4 Bb4 4. fxe5 Bxc3 5. bxc3 Nxe4 6. Qg4 Ng5 7. h4 Ne6 8. d4 h5 9. Qg3 d5 10. exd6 Qxd6 11. Qf3 c6 12. Bc4 Nd7 13. Nh3 Nf6 14. O-O Bd7 15. Ng5 O-O 16. Qd3 Nxg5 17. hxg5 Ng4 18. Bf4 Qa3 19. Qg3 Qa5 20. Bd6 Qxg5 21. Bxf8 Rxf8 22. Qf4 Qg6 23. Rae1 Nf6 24. Re5 Qxc2 25. Rg5 Kh7 26. Qg3 Bg4 27. Bd3+ 1-0

[Event "VL-2022/23"]
[Site "MVP"]
[Date "2023.04.23"]
[Round "8.7"]
[White "Markovych, Leonid"]
[Black "Junggebauer, Thomas"]
[Result "1/2-1/2"]
[WhiteElo "1296"]
[BlackElo "1971"]
[PlyCount "46"]
[EventDate "2022.??.??"]
[EventType "team-tourn"]
[EventRounds "9"]
[EventCountry "GER"]
[WhiteTeam "Makkabi Rostock"]
[BlackTeam "GW Wismar"]
[WhiteTeamCountry "GER"]
[BlackTeamCountry "GER"]

1. e4 c5 2. Nc3 Nc6 3. f4 e6 4. Nf3 Nge7 5. g3 d5 6. d3 d4 7. Ne2 g6 8. Bg2 Bg7 9. O-O Bd7 10. Bd2 Qb6 11. Rb1 O-O 12. Kh1 Rad8 13. h3 f5 14. g4 Qc7 15. Qe1 Bc8 16. a3 b5 17. b3 Rfe8 18. Ng3 Ba6 19. exf5 exf5 20. Qe6+ Kh8 21. Ng5 Bc8 22. Nf7+ Kg8 23. Nh6+ Kh8 1/2-1/2

[Event "VL-2022/23"]
[Site "MVP"]
[Date "2023.05.07"]
[Round "9.1"]
[White "Lehmann, Ruben"]
[Black "Tovmasyan, Minas"]
[Result "0-1"]
[WhiteElo "1985"]
[BlackElo "1788"]
[PlyCount "142"]
[EventDate "2022.??.??"]
[EventType "team-tourn"]
[EventRounds "9"]
[EventCountry "GER"]
[WhiteTeam "HSG Stralsund"]
[BlackTeam "Makkabi Rostock"]
[WhiteTeamCountry "GER"]
[BlackTeamCountry "GER"]

1. d4 Nf6 2. c4 c5 3. d5 b5 4. cxb5 a6 5. bxa6 g6 6. Nc3 Bg7 7. g3 Bxa6 8. Bg2 d6 9. Nf3 O-O 10. O-O Nbd7 11. h3 Nb6 12. Re1 Nfd7 13. Bd2 Nc4 14. Qc1 Nxd2 15. Qxd2 Qa5 16. Rac1 Nb6 17. e4 Nc4 18. Qc2 Rfb8 19. b3 Ne5 20. Nxe5 Bxe5 21. Ne2 Qa3 22. Rb1 Bb5 23. Nc3 Bd7 24. Bf1 Qa5 25. Rec1 Qxc3 26. Qxc3 Bxc3 27. Rxc3 Rxa2 28. Kg2 Kg7 29. Bc4 Rb4 30. Re1 Bb5 31. e5 Bxc4 32. bxc4 Rbb2 33. Rf3 Re2 34. Rxe2 Rxe2 35. exd6 exd6 36. Rf4 g5 37. Rg4 Kg6 38. h4 h6 39. hxg5 hxg5 40. Kf3 Rc2 41. Re4 Kf5 42. g4+ Kf6 43. Ke3 Rc3+ 44. Kd2 Rf3 45. Ke2 Rc3 46. f3 Kg6 47. Re7 Rxc4 48. Rd7 Kf6 49. Rxd6+ Ke5 50. Rd7 f6 51. d6 Rd4 52. Ke3 Rxd6 53. Rc7 Kd5 54. Kd3 Ke5+ 55. Ke3 Kd5 56. Kd3 Rc6 57. Re7 Ra6 58. Rf7 Ke5 59. Ke3 Ra3+ 60. Kf2 c4 61. Rc7 c3 62. Rc5+ Kd4 63. Rc8 Ra2+ 64. Kg3 Ra5 65. f4 Rc5 66. Rd8+ Ke3 67. Re8+ Kd2 68. Rd8+ Ke1 69. fxg5 c2 70. Rh8 fxg5 71. Re8+ Kd1 0-1

[Event "VL-2022/23"]
[Site "MVP"]
[Date "2023.05.07"]
[Round "9.2"]
[White "Markovych, Illya"]
[Black "Hubert, Peter"]
[Result "1-0"]
[WhiteElo "2028"]
[BlackElo "2114"]
[PlyCount "69"]
[EventDate "2022.??.??"]
[EventType "team-tourn"]
[EventRounds "9"]
[EventCountry "GER"]
[WhiteTeam "Makkabi Rostock"]
[BlackTeam "HSG Stralsund"]
[WhiteTeamCountry "GER"]
[BlackTeamCountry "GER"]

1. e4 e6 2. d4 d5 3. e5 c5 4. c3 Nc6 5. Nf3 Qb6 6. a3 a5 7. Bd3 Bd7 8. Bc2 h5 9. O-O g6 10. b3 Nh6 11. dxc5 Bxc5 12. Qe2 Nf5 13. Bf4 Rc8 14. Nbd2 Bf8 15. Bd3 Bh6 16. Bxh6 Nxh6 17. b4 Ne7 18. Rac1 Nhf5 19. Nb3 axb4 20. axb4 O-O 21. h3 Rc7 22. g4 Ng3 23. Qd2 hxg4 24. hxg4 Ne4 25. Bxe4 dxe4 26. Nfd4 Kg7 27. c4 Nc6 28. Nxc6 Bxc6 29. b5 Be8 30. Qd8 e3 31. Qf6+ Kg8 32. Rc3 Bxb5 33. Rxe3 Rxc4 34. Rh3 Rxg4+ 35. Kh2 1-0

[Event "VL-2022/23"]
[Site "MVP"]
[Date "2023.05.07"]
[Round "9.3"]
[White "Mehl, Ronald"]
[Black "Schamber, Dennis"]
[Result "1/2-1/2"]
[WhiteElo "2099"]
[BlackElo "1714"]
[PlyCount "83"]
[EventDate "2022.??.??"]
[EventType "team-tourn"]
[EventRounds "9"]
[EventCountry "GER"]
[WhiteTeam "HSG Stralsund"]
[BlackTeam "Makkabi Rostock"]
[WhiteTeamCountry "GER"]
[BlackTeamCountry "GER"]

1. d4 Nf6 2. Nf3 g6 3. c4 Bg7 4. Nc3 O-O 5. e4 d6 6. Be2 e5 7. d5 Nbd7 8. O-O Nc5 9. Qc2 a5 10. Ne1 Ne8 11. Nd3 f5 12. Nxc5 dxc5 13. Be3 b6 14. exf5 gxf5 15. Rae1 Nd6 16. f3 Kh8 17. Bd3 Qh4 18. g3 Qf6 19. f4 e4 20. Be2 Ba6 21. Qa4 Qg6 22. Kh1 Bd4 23. Nd1 Qg7 24. Qc2 Rf6 25. Rg1 Rg8 26. Rg2 Nf7 27. Qd2 Rh6 28. Reg1 Nd6 29. b3 Bxe3 30. Nxe3 Qd4 31. Qc1 Bc8 32. Rd1 Qf6 33. Qa1 Bd7 34. Qxf6+ Rxf6 35. a4 Nf7 36. Kg1 Nh6 37. h3 Nf7 38. Kh2 Nd6 39. Rf1 Rgf8 40. Rgf2 Rg8 41. Bd1 Rh6 42. Rg1 1/2-1/2

[Event "VL-2022/23"]
[Site "MVP"]
[Date "2023.05.07"]
[Round "9.4"]
[White "Roeste, Hugo"]
[Black "Paulowitz, Bernd-Rainer"]
[Result "1/2-1/2"]
[WhiteElo "1613"]
[BlackElo "1904"]
[PlyCount "44"]
[EventDate "2022.??.??"]
[EventType "team-tourn"]
[EventRounds "9"]
[EventCountry "GER"]
[WhiteTeam "Makkabi Rostock"]
[BlackTeam "HSG Stralsund"]
[WhiteTeamCountry "GER"]
[BlackTeamCountry "GER"]

1. d4 Nf6 2. c4 e6 3. Nc3 Bb4 4. Qc2 c5 5. dxc5 Bxc5 6. Bg5 Bxf2+ 7. Kxf2 Ng4+ 8. Ke1 Qxg5 9. Nf3 Qc5 10. Ne4 Qb4+ 11. Qc3 Qxc3+ 12. Nxc3 Nc6 13. h3 Ne3 14. Rc1 O-O 15. b3 d5 16. Kf2 Nxf1 17. cxd5 exd5 18. Nxd5 Nh2 19. Nxh2 Bf5 20. Nf3 Be4 21. Nc3 Bxf3 22. gxf3 Rad8 1/2-1/2

[Event "VL-2022/23"]
[Site "MVP"]
[Date "2023.05.07"]
[Round "9.8"]
[White "Markovych, Leonid"]
[Black "Kohn, Thomas"]
[Result "1-0"]
[WhiteElo "1296"]
[BlackElo "1964"]
[PlyCount "81"]
[EventDate "2022.??.??"]
[EventType "team-tourn"]
[EventRounds "9"]
[EventCountry "GER"]
[WhiteTeam "Makkabi Rostock"]
[BlackTeam "HSG Stralsund"]
[WhiteTeamCountry "GER"]
[BlackTeamCountry "GER"]

1. e4 c5 2. Nf3 Nc6 3. c3 d5 4. exd5 Qxd5 5. d4 Bg4 6. dxc5 Qxd1+ 7. Kxd1 e5 8. b4 Bxf3+ 9. gxf3 g6 10. Kc2 Bg7 11. Bb2 Nh6 12. Nd2 O-O 13. Bc4 Nf5 14. Rad1 Rfd8 15. Ne4 Rxd1 16. Rxd1 Rd8 17. Bc1 Rxd1 18. Kxd1 h6 19. Ke2 Kf8 20. a4 Ke7 21. b5 Nd8 22. a5 Kd7 23. Ba3 Ne6 24. Bxe6+ fxe6 25. c6+ bxc6 26. Nc5+ Kc8 27. b6 axb6 28. axb6 Nd6 29. Nxe6 Ne8 30. c4 Bf6 31. Nc5 Nd6 32. Kd3 Bd8 33. Ne6 Bxb6 34. Bxd6 Kd7 35. Bc5 Kxe6 36. Bxb6 Kf5 37. Be3 h5 38. h4 Kf6 39. Ke4 Ke6 40. c5 Kf6 41. Bc1 1-0

[Event "VL-2022/23"]
[Site "MVP"]
[Date "2023.05.07"]
[Round "9.1"]
[White "Stutz, Reno"]
[Black "von Alvensleben, Wolfram"]
[Result "1/2-1/2"]
[WhiteElo "2039"]
[BlackElo "2243"]
[PlyCount "25"]
[EventDate "2022.??.??"]
[EventType "team-tourn"]
[EventRounds "9"]
[EventCountry "GER"]
[WhiteTeam "GW Wismar"]
[BlackTeam "Guestrow/Teterow"]
[WhiteTeamCountry "GER"]
[BlackTeamCountry "GER"]

1. d4 Nf6 2. Nf3 c5 3. dxc5 e6 4. Be3 Na6 5. Nc3 Nxc5 6. Qd4 Be7 7. g4 O-O 8. g5 Ne8 9. h4 b5 10. Bg2 Bb7 11. a3 Rb8 12. b4 Na4 13. Nxa4 1/2-1/2

[Event "VL-2022/23"]
[Site "MVP"]
[Date "2023.05.07"]
[Round "9.2"]
[White "Luther, Alexander"]
[Black "Schinke, Andreas"]
[Result "1-0"]
[WhiteElo "2085"]
[BlackElo "2053"]
[PlyCount "63"]
[EventDate "2022.??.??"]
[EventType "team-tourn"]
[EventRounds "9"]
[EventCountry "GER"]
[WhiteTeam "Guestrow/Teterow"]
[BlackTeam "GW Wismar"]
[WhiteTeamCountry "GER"]
[BlackTeamCountry "GER"]

1. d4 d5 2. c4 e6 3. Nc3 Nf6 4. cxd5 exd5 5. Bg5 Be7 6. e3 h6 7. Bh4 O-O 8. Bd3 c5 9. Nge2 c4 10. Bb1 Nbd7 11. Qc2 Qa5 12. O-O Re8 13. f3 Nf8 14. Kh1 Be6 15. Nf4 Rad8 16. Qf2 Qc7 17. Bg3 Qc6 18. Bc2 a6 19. e4 g5 20. Nxe6 fxe6 21. e5 Nh5 22. f4 Ng7 23. fxg5 Bxg5 24. h4 Be7 25. Qf7+ Kh8 26. Bf4 Nf5 27. g4 Bxh4 28. gxf5 exf5 29. Qh5 Ng6 30. Qxh6+ Kg8 31. Rg1 Re6 32. Bxf5 1-0

[Event "VL-2022/23"]
[Site "MVP"]
[Date "2023.05.07"]
[Round "9.3"]
[White "Kliewe, Hans-Juergen"]
[Black "Seiler, Dirk"]
[Result "1/2-1/2"]
[WhiteElo "2140"]
[BlackElo "2128"]
[PlyCount "29"]
[EventDate "2022.??.??"]
[EventType "team-tourn"]
[EventRounds "9"]
[EventCountry "GER"]
[WhiteTeam "GW Wismar"]
[BlackTeam "Guestrow/Teterow"]
[WhiteTeamCountry "GER"]
[BlackTeamCountry "GER"]

1. d4 Nf6 2. Bf4 e6 3. e3 c5 4. c3 b6 5. Nf3 Bb7 6. Nbd2 Be7 7. h3 d5 8. Bxb8 Qxb8 9. Bb5+ Kf8 10. Ne5 Qc7 11. O-O g6 12. f4 Kg7 13. Ndf3 h6 14. Qe1 Ne4 15. Nd2 1/2-1/2

[Event "VL-2022/23"]
[Site "MVP"]
[Date "2023.05.07"]
[Round "9.4"]
[White "Dettmann, Gerd"]
[Black "Lanz, Joerg"]
[Result "1-0"]
[WhiteElo "2127"]
[BlackElo "2055"]
[PlyCount "97"]
[EventDate "2022.??.??"]
[EventType "team-tourn"]
[EventRounds "9"]
[EventCountry "GER"]
[WhiteTeam "Guestrow/Teterow"]
[BlackTeam "GW Wismar"]
[WhiteTeamCountry "GER"]
[BlackTeamCountry "GER"]

1. e4 d6 2. d4 Nf6 3. Nc3 g6 4. f3 Bg7 5. Be3 O-O 6. Qd2 c6 7. g4 Qa5 8. O-O-O b5 9. Kb1 b4 10. Nce2 Be6 11. Nc1 c5 12. d5 Bd7 13. h4 h5 14. Bh6 Na6 15. Bxg7 Kxg7 16. g5 Ne8 17. f4 Nac7 18. Nh3 Nb5 19. Bxb5 Qxb5 20. f5 e5 21. dxe6 fxe6 22. fxe6 Bxe6 23. Nf4 Bg4 24. Rde1 c4 25. Nd5 Qc5 26. Qxb4 Qxb4 27. Nxb4 Nc7 28. Rh2 Rae8 29. Rd2 Re6 30. a3 Bf3 31. Nca2 Bxe4 32. Nc3 d5 33. Nxe4 dxe4 34. Rd4 e3 35. Rxc4 Rf7 36. Kc1 a5 37. Nd3 Nd5 38. Rd4 Ne7 39. c4 Nf5 40. Rf4 Rd6 41. Kc2 Rfd7 42. Ne5 Rd2+ 43. Kc3 Rd8 44. Re4 a4 45. c5 Nd4 46. R1xe3 Nb5+ 47. Kc4 Rxb2 48. Nc6 Rd7 49. Nb4 1-0

[Event "VL-2022/23"]
[Site "MVP"]
[Date "2023.05.07"]
[Round "9.5"]
[White "Borchert, Chris"]
[Black "Waschk, Armin"]
[Result "0-1"]
[WhiteElo "2143"]
[BlackElo "2130"]
[PlyCount "70"]
[EventDate "2022.??.??"]
[EventType "team-tourn"]
[EventRounds "9"]
[EventCountry "GER"]
[WhiteTeam "GW Wismar"]
[BlackTeam "Guestrow/Teterow"]
[WhiteTeamCountry "GER"]
[BlackTeamCountry "GER"]

1. d4 d5 2. Nc3 e6 3. Bf4 Nf6 4. Nb5 Na6 5. e3 c6 6. Nc3 b6 7. Nf3 Bb7 8. Ne5 Rc8 9. a3 Be7 10. g4 O-O 11. Qf3 c5 12. g5 Ne4 13. Rg1 cxd4 14. exd4 Nxc3 15. bxc3 Qc7 16. Bd2 f5 17. Qh5 Nc5 18. Rg3 Bd6 19. Rh3 Bxe5 20. Qxh7+ Kf7 21. dxe5 Qxe5+ 22. Re3 Qc7 23. Be2 Ke8 24. Bh5+ Kd8 25. O-O-O b5 26. Be2 a6 27. c4 Ne4 28. Bb4 Re8 29. f3 Qf4 30. Ba5+ Kd7 31. Qxg7+ Re7 32. Qd4 e5 33. Qb6 Nc5 34. Bd2 Qd4 35. c3 Nb3+ 0-1

[Event "VL-2022/23"]
[Site "MVP"]
[Date "2023.05.07"]
[Round "9.6"]
[White "Gebert-Vangeel, Ralf"]
[Black "Littke, Helmut"]
[Result "1/2-1/2"]
[WhiteElo "2017"]
[BlackElo "2054"]
[PlyCount "121"]
[EventDate "2022.??.??"]
[EventType "team-tourn"]
[EventRounds "9"]
[EventCountry "GER"]
[WhiteTeam "Guestrow/Teterow"]
[BlackTeam "GW Wismar"]
[WhiteTeamCountry "GER"]
[BlackTeamCountry "GER"]

1. e4 c5 2. Nf3 e6 3. d4 cxd4 4. Nxd4 Nf6 5. Nc3 Nc6 6. Be3 Be7 7. Be2 d6 8. Qd2 Nxd4 9. Bxd4 Bd7 10. O-O-O Bc6 11. f3 a6 12. g4 b5 13. a3 Rb8 14. Na2 a5 15. Bc3 Nxe4 16. Qd4 Bf6 17. Qa7 Nxc3 18. Nxc3 Bxc3 19. bxc3 O-O 20. Qd4 Qg5+ 21. f4 Qd5 22. Qxd5 Bxd5 23. Rhe1 Rfc8 24. Kd2 Rc5 25. Rb1 Rbc8 26. Rxb5 Rxc3 27. Rxa5 Rxc2+ 28. Ke3 Kf8 29. Ra7 R2c3+ 30. Kf2 Ra8 31. Rxa8+ Bxa8 32. Ra1 Rc5 33. Ke3 Bc6 34. Bd3 f6 35. Bxh7 f5 36. gxf5 exf5 37. Bg6 Ke7 38. Bh5 d5 39. Kd4 Kd6 40. Rg1 Rc4+ 41. Kd3 Rxf4 42. Rxg7 Ra4 43. Bd1 Rxa3+ 44. Kd4 Rh3 45. Rg6+ Kc7 46. Ke5 Rxh2 47. Kxf5 Rd2 48. Rg1 Kd6 49. Kf4 d4 50. Bh5 Rf2+ 51. Kg3 Rf8 52. Rd1 Ke5 53. Re1+ Be4 54. Be2 Rg8+ 55. Kf2 Rg2+ 56. Kf1 Rh2 57. Bf3 Rh4 58. Bxe4 Rxe4 59. Rxe4+ Kxe4 60. Ke2 d3+ 61. Kd2 1/2-1/2

[Event "VL-2022/23"]
[Site "MVP"]
[Date "2023.05.07"]
[Round "9.7"]
[White "Roeder, Phillip"]
[Black "Scharf, Christian"]
[Result "1-0"]
[WhiteElo "2011"]
[BlackElo "1336"]
[PlyCount "83"]
[EventDate "2022.??.??"]
[EventType "team-tourn"]
[EventRounds "9"]
[EventCountry "GER"]
[WhiteTeam "GW Wismar"]
[BlackTeam "Guestrow/Teterow"]
[WhiteTeamCountry "GER"]
[BlackTeamCountry "GER"]

1. d4 Nf6 2. Nc3 d5 3. Bf4 a6 4. Qd2 c5 5. e3 Nc6 6. f3 h5 7. h4 Bf5 8. Bd3 Bxd3 9. Qxd3 cxd4 10. exd4 Qb6 11. Nge2 e6 12. Qd2 Rc8 13. O-O Be7 14. b3 Bb4 15. Be3 O-O 16. a3 Bd6 17. Na4 Qc7 18. Bg5 Nh7 19. Bf4 Nf6 20. Bxd6 Qxd6 21. Nc5 Qc7 22. c3 Ne7 23. Nd3 Ng6 24. Qg5 Rfe8 25. g4 hxg4 26. h5 Ne7 27. h6 Nf5 28. hxg7 Ng3 29. Ndf4 Nh7 30. Qxg4 Nxf1 31. Rxf1 f5 32. Qh5 Re7 33. Kf2 Qd7 34. Qh6 Rce8 35. Ng6 Rxg7 36. Nef4 Rc8 37. Ne5 Qe7 38. Nxe6 Rxc3 39. Nxg7 Rc2+ 40. Ke3 Qxg7 41. Qe6+ Kh8 42. Ng6+ 1-0

[Event "VL-2022/23"]
[Site "MVP"]
[Date "2023.05.07"]
[Round "9.8"]
[White "Dettmann, Holger"]
[Black "Junggebauer, Thomas"]
[Result "1/2-1/2"]
[WhiteElo "2001"]
[BlackElo "1971"]
[PlyCount "153"]
[EventDate "2022.??.??"]
[EventType "team-tourn"]
[EventRounds "9"]
[EventCountry "GER"]
[WhiteTeam "Guestrow/Teterow"]
[BlackTeam "GW Wismar"]
[WhiteTeamCountry "GER"]
[BlackTeamCountry "GER"]

1. d4 d5 2. e3 g6 3. Bd3 Nf6 4. Ne2 Nbd7 5. Nd2 e5 6. f3 exd4 7. exd4 Bg7 8. O-O O-O 9. Re1 b6 10. Nf1 c5 11. c3 Re8 12. Be3 Qc7 13. Qd2 Bb7 14. Bb5 Bc6 15. Bf4 Qb7 16. Bd3 Re6 17. Bg3 Nh5 18. Bf2 Rae8 19. Nfg3 Nhf6 20. Nf4 Bh6 21. Be3 Rxe3 22. Rxe3 Rxe3 23. Qxe3 Qb8 24. Nge2 Nh5 25. g3 c4 26. Bc2 Ndf6 27. Qe5 Qxe5 28. dxe5 Nxf4 29. gxf4 Nh5 30. f5 Nf4 31. Nd4 Bd7 32. Rd1 Bg7 33. Re1 Kf8 34. Kf1 Bh6 35. e6 fxe6 36. Nxe6+ Kf7 37. fxg6+ hxg6 38. Nxf4 Bxf4 39. Kg2 b5 40. a3 a5 41. h4 b4 42. axb4 axb4 43. cxb4 d4 44. h5 gxh5 45. b5 Bxb5 46. Re4 Be3 47. Re5 Bd7 48. Rxh5 Bc1 49. Rd5 Be6 50. Rxd4 Bxb2 51. Rd6 Be5 52. Rd1 Kf6 53. Rh1 Bf4 54. Rh5 Ke7 55. Rh4 Bg5 56. Rd4 Bf6 57. Rd1 Be5 58. Re1 Kf6 59. Rc1 Bd5 60. Rh1 Bf4 61. Re1 Be6 62. Re4 Bd2 63. Kf2 Bc3 64. Rh4 Bd2 65. f4 Bf7 66. Kf3 Bd5+ 67. Kg4 Be6+ 68. f5 Bd5 69. Rh7 Bf7 70. Rh8 Bc3 71. Rh6+ Ke7 72. Ra6 Bf6 73. Ra7+ Kf8 74. Rc7 Be5 75. Rc5 Bd4 76. Rc8+ Ke7 77. Rc7+ 1/2-1/2

[Event "VL-2022/23"]
[Site "MVP"]
[Date "2023.05.07"]
[Round "9.1"]
[White "Kutschke, Peter"]
[Black "Stoevesand, Eric"]
[Result "0-1"]
[WhiteElo "1993"]
[BlackElo "1910"]
[PlyCount "80"]
[EventDate "2022.??.??"]
[EventType "team-tourn"]
[EventRounds "9"]
[EventCountry "GER"]
[WhiteTeam "SF Schwerin II"]
[BlackTeam "SG Neubrandenburg"]
[WhiteTeamCountry "GER"]
[BlackTeamCountry "GER"]

1. e4 e5 2. d4 exd4 3. Qxd4 Nc6 4. Qe3 Nf6 5. Bd2 Bb4 6. Nc3 O-O 7. O-O-O Re8 8. Qg3 Rxe4 9. f4 d5 10. Nf3 Re8 11. Bd3 Bd6 12. Rhe1 Nb4 13. Rxe8+ Qxe8 14. Nd4 Nxd3+ 15. Qxd3 c6 16. Re1 Qf8 17. h3 Nd7 18. Nd1 Nc5 19. Qf3 f6 20. Nb3 Bf5 21. Nxc5 Bxc5 22. g4 Bd7 23. Nf2 Re8 24. Rxe8 Qxe8 25. f5 Bd6 26. Bc3 b6 27. h4 Be5 28. Bd2 Qe7 29. g5 Bd4 30. c3 Bxf2 31. Qxf2 Qe4 32. Qf4 Bxf5 33. Qb8+ Kf7 34. Qc7+ Kg6 35. h5+ Kxh5 36. Qh2+ Kg6 37. Kd1 Bg4+ 38. Kc1 Qe2 39. Qg1 fxg5 40. a4 h5 0-1

[Event "VL-2022/23"]
[Site "MVP"]
[Date "2023.05.07"]
[Round "9.2"]
[White "Stoevesand, Peter"]
[Black "Helms, Sven"]
[Result "1-0"]
[WhiteElo "1754"]
[BlackElo "1941"]
[PlyCount "97"]
[EventDate "2022.??.??"]
[EventType "team-tourn"]
[EventRounds "9"]
[EventCountry "GER"]
[WhiteTeam "SG Neubrandenburg"]
[BlackTeam "SF Schwerin II"]
[WhiteTeamCountry "GER"]
[BlackTeamCountry "GER"]

1. e4 d5 2. exd5 Qxd5 3. Nf3 Nf6 4. d4 Bg4 5. Be2 e6 6. O-O Nc6 7. Be3 Qd7 8. c3 Bd6 9. a4 O-O 10. h3 Bh5 11. Nbd2 Nd5 12. Nc4 Nf4 13. Bxf4 Bxf4 14. Re1 Qd5 15. Ne3 Bxe3 16. fxe3 Rfd8 17. Nd2 Bxe2 18. Qxe2 Ne7 19. e4 Qd7 20. b4 e5 21. d5 Ng6 22. Nf3 Nf4 23. Qb5 c6 24. dxc6 bxc6 25. Qf1 Qe6 26. Red1 h6 27. Kh2 f5 28. Rxd8+ Rxd8 29. exf5 Qxf5 30. Qc4+ Kh8 31. Re1 Qc2 32. Rg1 Rd1 33. Qxc6 e4 34. Qc8+ Kh7 35. Qf5+ g6 36. Qf7+ Kh8 37. Qf8+ Kh7 38. Qxf4 exf3 39. Qxf3 Rd7 40. Re1 Kg7 41. Qe3 Rf7 42. Qd4+ Kh7 43. Re8 Rg7 44. a5 Qb1 45. Qd8 Rf7 46. Rh8+ Kg7 47. Qd4+ Rf6 48. Rd8 Qf1 49. Rd6 1-0

[Event "VL-2022/23"]
[Site "MVP"]
[Date "2023.05.07"]
[Round "9.3"]
[White "Jung, Werner"]
[Black "Schulz, Daniel"]
[Result "1/2-1/2"]
[WhiteElo "2009"]
[BlackElo "1817"]
[PlyCount "62"]
[EventDate "2022.??.??"]
[EventType "team-tourn"]
[EventRounds "9"]
[EventCountry "GER"]
[WhiteTeam "SF Schwerin II"]
[BlackTeam "SG Neubrandenburg"]
[WhiteTeamCountry "GER"]
[BlackTeamCountry "GER"]

1. e4 c5 2. Nc3 e6 3. d3 Nc6 4. g3 Nf6 5. f4 d5 6. e5 Nd7 7. Nf3 a6 8. Bg2 b5 9. O-O Be7 10. Bd2 Nb6 11. Kh1 h5 12. h3 Qc7 13. a4 b4 14. Ne2 a5 15. c3 Ba6 16. Be3 c4 17. Bxb6 Qxb6 18. dxc4 Bxc4 19. Nd2 Bd3 20. Rf3 Bg6 21. b3 bxc3 22. Rxc3 O-O 23. Rac1 Nb4 24. Nf3 Na2 25. Rc6 Qb8 26. Ra1 Nb4 27. Rc3 Rc8 28. Rac1 Rxc3 29. Rxc3 Bd8 30. Ned4 Bb6 31. Qd2 Be4 1/2-1/2

[Event "VL-2022/23"]
[Site "MVP"]
[Date "2023.05.07"]
[Round "9.4"]
[White "Rossmann, Andreas"]
[Black "Krueger, Gerhard"]
[Result "1-0"]
[WhiteElo "2073"]
[BlackElo "1972"]
[PlyCount "55"]
[EventDate "2022.??.??"]
[EventType "team-tourn"]
[EventRounds "9"]
[EventCountry "GER"]
[WhiteTeam "SG Neubrandenburg"]
[BlackTeam "SF Schwerin II"]
[WhiteTeamCountry "GER"]
[BlackTeamCountry "GER"]

1. d4 d5 2. Nf3 Nf6 3. g3 e6 4. Bg2 c5 5. e3 Nc6 6. Nbd2 cxd4 7. exd4 Bd6 8. b3 Bd7 9. Bb2 Rc8 10. a3 a5 11. O-O O-O 12. Ne5 b5 13. Nxd7 Qxd7 14. c4 bxc4 15. bxc4 dxc4 16. Nxc4 Bc7 17. Rc1 Rfd8 18. Ne5 Nxe5 19. dxe5 Qb5 20. Rxc7 Rxd1 21. Rxc8+ Ne8 22. Rxd1 g6 23. Bc1 Kg7 24. Rdd8 Qxe5 25. Rxe8 h5 26. h4 Qe1+ 27. Bf1 e5 28. Bg5 1-0